[Event "SLO-chT"]
[Site "Bled"]
[Date "2005.11.11"]
[Round "6"]
[White "Ljajic, Ismet"]
[Black "Pirsic, Marko"]
[Result "0-1"]
[WhiteElo "1973"]
[BlackElo "1613"]
[PlyCount "76"]
[EventDate "2005.11.03"]
[EventType "team"]
[EventRounds "9"]
[EventCountry "SLO"]
[SourceTitle "CBM 109 Extra"]
[Source "ChessBase"]
[SourceDate "2006.01.03"]
[SourceVersion "2"]
[SourceVersionDate "2006.01.03"]
[SourceQuality "1"]

1. e4 d5 2. exd5 Qxd5 3. Nc3 Qa5 4. d4 Nf6 5. Bd3 Bg4 6. Nf3 e6 7. 0-0 c6 8. Re1 Bd6 9. h3 Bh5 10. Ne4 Nxe4 11. Bxe4 Nd7 12. d5 cxd5 13. Bxd5 Bc5 14. Bxb7 Bxf2+ 15. Kxf2 Qb6+ 16. Qd4 Qxb7 17. Qxg7 Rf8 18. Bg5 Qb6+ 19. Nd4 Rc8 20. Rxe6+ fxe6+ 21. Kg1 Bf7 22. Be3 Rg8 23. Qxh7 e5 24. Nf5 Qg6 25. Qxg6 Rxg6 26. c3 a6 27. Rd1 Rcc6 28. g4 Bxa2 29. Kf2 Bc4 30. Kg3 Nf6 31. Nd6+ Rxd6 32. Re1 Rd3 33. Kf2 e4 34. Bd4 Rf3+ 35. Kg2 Bd3 36. b3 Nxg4 37. hxg4 Rxg4+ 38. Kh2 Bf1 0-1

[Event "SLO-chT"]
[Site "Bled"]
[Date "2005.11.05"]
[Round "3"]
[White "Rebernik, Bostjan"]
[Black "Pirsic, Marko"]
[Result "1-0"]
[WhiteElo "2100"]
[BlackElo "1613"]
[PlyCount "39"]
[EventDate "2005.11.03"]
[EventType "team"]
[EventRounds "9"]
[EventCountry "SLO"]
[SourceTitle "CBM 109 Extra"]
[Source "ChessBase"]
[SourceDate "2006.01.03"]
[SourceVersion "2"]
[SourceVersionDate "2006.01.03"]
[SourceQuality "1"]

1. e4 d5 2. exd5 Qxd5 3. Nc3 Qa5 4. d4 Nf6 5. Nf3 c6 6. Ne5 Bf5 7. g4 Be4 8. Nc4 Qd8 9. Nxe4 Nxe4 10. Qf3 Nd6 11. Bf4 Nxc4 12. Bxc4 e6 13. 0-0-0 Bd6 14. Bxd6 Qxd6 15. d5 exd5 16. Rhe1+ Kf8 17. Bxd5 f6 18. Bc4 Qc7 19. Qa3+ c5 20. Qxc5+ 1-0

[Event "SLO-chT West"]
[Site "Bled"]
[Date "2004.11.05"]
[Round "1"]
[White "Ivanusa, Blaz"]
[Black "Pirsic, Marko"]
[Result "1-0"]
[WhiteElo "2013"]
[BlackElo "1506"]
[PlyCount "87"]
[EventDate "2004.11.05"]
[EventType "team"]
[EventRounds "9"]
[EventCountry "SLO"]
[SourceTitle "EXT 2009"]
[Source "ChessBase"]
[SourceDate "2008.11.26"]
[SourceVersion "1"]
[SourceVersionDate "2008.11.26"]
[SourceQuality "1"]

1. d4 Nf6 2. Bg5 Ne4 3. Bf4 d5 4. e3 g6 5. Bd3 Bg7 6. Bxe4 dxe4 7. Nd2 f5 8. f3 c5 9. c3 cxd4 10. exd4 Qd5 11. Qb3 Qxb3 12. axb3 exf3 13. Ngxf3 Nd7 14. 0-0 h6 15. Rfe1 Kf7 16. Nc4 Bf6 17. b4 b5 18. Nce5+ Nxe5 19. dxe5 Bg7 20. Nd4 g5 21. e6+ Bxe6 22. Nxe6 Bf6 23. Bg3 f4 24. Bf2 Rhc8 25. Rxa7 Rab8 26. Bd4 Rc6 27. Bxf6 Rxe6 28. Rxe6 Kxe6 29. Bxe7 Kf5 30. Bc5 Rd8 31. Bd4 Rd5 32. Re7 h5 33. Kf2 g4 34. h4 Kg6 35. Re5 Rd7 36. Rxb5 Rf7 37. Rg5+ Kh6 38. b5 f3 39. b6 fxg2+ 40. Kxg2 Re7 41. Rb5 Rb7 42. c4 g3 43. c5 Rd7 44. b7 1-0